HANDBOOK OF MINING ENGINEERING MULTIPLE CHOICE QUESTION (Record no. 5656)

MARC details
000 -LEADER
fixed length control field 00406nam a22001457a 4500
005 - DATE AND TIME OF LATEST TRANSACTION
control field 20171205151838.0
008 - FIXED-LENGTH DATA ELEMENTS--GENERAL INFORMATION
fixed length control field 171205b xxu||||| |||| 00| 0 eng d
041 ## - LANGUAGE CODE
Language code of text/sound track or separate title eng
082 ## - DEWEY DECIMAL CLASSIFICATION NUMBER
Classification number 622.1
100 ## - MAIN ENTRY--AUTHOR NAME
Personal name PRADHAN, PROF . G.K.
245 ## - TITLE STATEMENT
Title HANDBOOK OF MINING ENGINEERING MULTIPLE CHOICE QUESTION
Statement of responsibility, etc PROF. G. K. PRADHAN
260 ## - PUBLICATION, DISTRIBUTION, ETC. (IMPRINT)
Place of publication SATNA (M.P.)
Name of publisher AKS UNIVERSITY
Year of publication 2016
300 ## - PHYSICAL DESCRIPTION
Number of Pages 376p,
942 ## - ADDED ENTRY ELEMENTS (KOHA)
Koha item type Books
Holdings
Lost status Damaged status Collection code Home library Current library Shelving location Date acquired Source of acquisition Cost, normal purchase price Full call number Accession Number Koha item type
    MINING JRU Library JRU Library SHELF-94-C 05/12/2017 PURCHESS 560.00 622.1 22254 Books
    MINING JRU Library JRU Library SHELF-94-C 05/12/2017 PURCHESS 560.00 622.1 22255 Books